000
00316nam a22001457a 4500
008
210528b ||||| |||| 00| 0 eng d
020
_a
9780766805316
041
_a
eng
080
_2
4th
_a
621
082
_a
621
100
_a
26
101
_a
MEK
245
_a
Technical Drawing
_c
Goetsch Chalk
942
_2
udc
_c
BK
999
_c
57767
_d
57767